00589nam a2200169Ia 4500008004100000041000800041082001600049100001900065245002400084260002200108300000800130365001600138700004000154906002900194999001900223952017700242230718s9999 xx 000 0 und d aeng a005.75bARK aArkhipenkov S. aOracle Express OLAP c2003bEswar Press a710 cRs.b450.00 aArkhipenkov S. & Golubev D.9188256 d292/07.05.2005cCOMPb90 c310604d310604 00104070aCCEPbCCEPd2005-05-27eTechnical Book ServicesfCOMPg360.00i292/07.05.2005l0o005.75pCCEP-BK-21811r2023-07-18 00:00:00t90v450.00w2005-05-07yBKz021811